Tempo Biedronky na Slovensku zaostáva
Pred niekoľkými týždňami pribudol v SR nový maloobchodný hráč. Reťazec Biedronka láka podobne ako Lidl na diskontné ceny potravín. Jeho expanzia je o niečo pomalšia, ako bola tá, na akú naskočil Lidl v roku 2004. Odborník to prisudzuje aj saturovanému trhu.
Uložené v:
| Hlavný autor: | |
|---|---|
| Médium: | Kapitola |
| Jazyk: | Slovak |
| Predmet: | |
| Tagy: |
Žiadne tagy, Buďte prvý, kto otaguje tento záznam!
|
MARC
| LEADER | 00000naa a2200000 4500 | ||
|---|---|---|---|
| 001 | 0311632 | ||
| 005 | 20250721091316.7 | ||
| 041 | 0 | |a slo | |
| 044 | |a SK | ||
| 245 | 1 | 0 | |a Tempo Biedronky na Slovensku zaostáva |c Veronika Hubinská |
| 520 | |a Pred niekoľkými týždňami pribudol v SR nový maloobchodný hráč. Reťazec Biedronka láka podobne ako Lidl na diskontné ceny potravín. Jeho expanzia je o niečo pomalšia, ako bola tá, na akú naskočil Lidl v roku 2004. Odborník to prisudzuje aj saturovanému trhu. | ||
| 610 | 2 | 0 | |a reťazce obchodné |
| 610 | 2 | 0 | |a potraviny |
| 610 | 2 | 0 | |a diskont |
| 610 | 2 | 0 | |a maloobchod |
| 610 | 2 | 0 | |a expanzia |
| 100 | 1 | |a Hubinská, Veronika | |